سا جد ہ ز يد ی کی شعر ی با ز يا فت (Record no. 166687)

MARC details
000 -LEADER
fixed length control field 00676nam a22001937a 4500
005 - DATE AND TIME OF LATEST TRANSACTION
control field 20190805110014.0
010 ## - LCCN (DPL NO)
LC control number UR-10338
020 ## - INTERNATIONAL STANDARD BOOK NUMBER
Terms of availability 200.00
International Standard Book Number 9789386624666
035 ## - SYSTEM CONTROL NUMBER
System control number U-8893
037 ## - SOURCE OF ACQUISITION
Source of stock number/acquisition DBAD/PUB
082 ## - DEWEY DECIMAL CLASSIFICATION NUMBER
Classification number 841.08
100 ## - MAIN ENTRY--PERSONAL NAME
Personal name فر د و س شکيل
245 ## - TITLE STATEMENT
Title سا جد ہ ز يد ی کی شعر ی با ز يا فت
Statement of responsibility, etc فر د و س شکيل
246 ## - VARYING FORM OF TITLE
Remainder of title Sajida Zaidi ki Sheri Bazyaft (Urdu)
Title proper/short title by Firdaus Shakil
260 ## - PUBLICATION, DISTRIBUTION, ETC. (IMPRINT)
Place of publication, distribution, etc Delhi
Name of publisher, distributor, etc Educational Publishing House
Date of publication, distribution, etc 2017 ء
270 ## - ADDRESS
Address 3191,Vakil Sreet Kucha Pandit Lal Kuan
City Delhi
Postal code 110006
Telephone number 23216162
Fax number -
300 ## - PHYSICAL DESCRIPTION
Extent 127 ص
Dimensions 22 Cm(Hb)
942 ## - ADDED ENTRY ELEMENTS (KOHA)
Source of classification or shelving scheme Dewey Decimal Classification
Item type Urdu Bks
Classification part 841
Call number suffix ز ے د
Holdings
Withdrawn status Lost status Not for loan Collection code Home library Current library Date acquired Source of acquisition Cost, normal purchase price Full call number Barcode Copy number Cost, replacement price Koha item type
    Not For Loan Non-fiction D.B.Act.Division D.B.Act.Division 05/08/2019 DBAD/PUB 200.00 841 ز ے د U-8893 1 200.00 Urdu Bks

© Delhi Public Library
Hit Counter
free hit counter